Southville International School and Colleges
Your cart is empty.
  • Cart
  • Lists
    Public lists Eva Luna New books Lux_list list_1
    Your lists Log in to create your own lists
  • Log in to your account
  • Your cookies
  • Search history
Southville International School and Colleges
  • Advanced search
  • Recent comments
  • Most popular
  • Libraries

Log in to your account

Log in with GOOGLE


If you do not have an external account, but do have a local account, you can still log in:

  1. Home
  2. MARC view: Basic Pharmacology for Nurses /
Normal view MARC view ISBD view

Basic Pharmacology for Nurses / (Record no. 20218)

[ view plain ]
MARC details
000 -LEADER
fixed length control field 00393nam a2200145 a 4500
005 - DATE AND TIME OF LATEST TRANSACTION
control field 20140310183215.0
008 - FIXED-LENGTH DATA ELEMENTS--GENERAL INFORMATION
fixed length control field 030421s19uu xx 00 eng d
050 ## - LIBRARY OF CONGRESS CALL NUMBER
Classification number RM 300
Item number .C579 2004
100 ## - MAIN ENTRY--PERSONAL NAME
Personal name Clayton, Bruce D.
245 ## - TITLE STATEMENT
Title Basic Pharmacology for Nurses /
Statement of responsibility, etc Bruce D. Clayton.
300 ## - PHYSICAL DESCRIPTION
Extent 775 p. :
Other physical details ill. , col. ;
Dimensions 28 cm.
521 ## - TARGET AUDIENCE NOTE
Target audience note
942 ## - ADDED ENTRY ELEMENTS (KOHA)
Koha item type Books
Source of classification or shelving scheme Library of Congress Classification
Call number prefix Foreign
Holdings
Withdrawn status Lost status Source of classification or shelving scheme Damaged status Home library Current library Shelving location Date acquired Total Checkouts Total Renewals Full call number Barcode Checked out Date last seen Date checked out Copy number Price effective from Koha item type
    Library of Congress Classification   College Library College Library General Circulation Section 10/14/2010 3 9 RM 300 .C579 2004 C5312 10/12/2022 10/05/2022 10/05/2022 1 03/10/2014 Books

Basic Pharmacology for Nurses /

APA

Clayton B. D., .Basic Pharmacology for Nurses. : .

Chicago

Clayton Bruce D, .Basic Pharmacology for Nurses. : .

Harvard

Clayton B. D., .Basic Pharmacology for Nurses. : .

MLA

Clayton Bruce D, .: . .

  • Place hold
  • Print
  • Cite
  • Add to your cart (remove)
  • Save record
    BIBTEX Dublin Core MARCXML MARC (non-Unicode/MARC-8) MARC (Unicode/UTF-8) MARC (Unicode/UTF-8, Standard) MODS (XML) RIS
  • More searches
    Search for this title in:
    Other Libraries (WorldCat) Other Databases (Google Scholar) Online Stores (Bookfinder.com) Open Library (openlibrary.org)

Exporting to Dublin Core...

SOUTHVILLE LIBRARY

Southville International School and Colleges Library

1281 Tropical Ave. Cor. Luxembourg St., BF Homes International, Las Pinas City

Tel. No. 8256374 / 252358 Loc. 117/146

Powered by Koha